United States Supreme Court Reports October Term, 2004 (Record no. 621699)

MARC details
000 -LEADER
fixed length control field 00518nam a22001817a 4500
008 - FIXED-LENGTH DATA ELEMENTS--GENERAL INFORMATION
fixed length control field 260501b |||||||| |||| 00| 0 eng d
020 ## - INTERNATIONAL STANDARD BOOK NUMBER
ISBN 9780327102168
Paper back/Hardbound hbk
041 ## - LANGUAGE CODE
Language code of text/sound track or separate title eng
082 ## - DEWEY DECIMAL CLASSIFICATION NUMBER
Classification number 348.7346 UNI.162
245 ## - TITLE STATEMENT
Title United States Supreme Court Reports October Term, 2004
Sub Title Cases Contained In U.S Reports
Number of part/section of a work vol. 162
250 ## - EDITION STATEMENT
Edition statement 2nd ed.
260 ## - PUBLICATION, DISTRIBUTION, ETC. (IMPRINT)
Name of publisher LexisNexis
Year of publication 2004
300 ## - PHYSICAL DESCRIPTION
Number of Pages 1047p. :
Dimensions 25cm
504 ## - BIBLIOGRAPHY, ETC. NOTE
Bibliography, etc Includes index
650 ## - SUBJECT ADDED ENTRY--TOPICAL TERM
Topical Term Laws, regulations & cases
942 ## - ADDED ENTRY ELEMENTS (KOHA)
Koha item type English Books
Holdings
Withdrawn status Lost status Damaged status Not for loan Home library Current library Shelving location Date acquired Full call number Accession Number Price effective from Koha item type
        Anna Centenary Library Anna Centenary Library 4TH FLOOR, A WING 31.12.2010 348.7346 UNI.162 478632 01.05.2026 English Books

Find us on the map